01153cam a22002775a 45000010009000000050017000090080041000260200024000670200034000910400038001250820020001632450124001832500031003072600058003383000035003965000024004315040041004556500033004966500039005296530034005687000040006027000035006429420008006779990017006859520173007021754479520160202153102.0121128s2013 stka frb 001 0 eng d a9780702042904 (pbk) a9780702042911 (International) aDNLM/DLCcDLCdDLCdEG-ScBUEbeng04a615.19222bAUL00aAulton's pharmaceutics :bthe design and manufacture of medicines /cedited by Michael E. Aulton and Kevin M.G. Taylor. a4th ed., International ed. aEdinburgh :bChurchill Livingstone / Elsevier,c2013. axiii, 894 p. :bill. ;c25 cm. aIndex : p. 863-894. aIncludes bibliographical references. 7aDrugs930136xDesign.2BUEsh 7aDrugs936089xDosage forms.2BUEsh bPPhrmcJune2015cFebruary20161 aAulton, Michael E.,930137eeditor.1 aTaylor, Kevin,d1961-eeditor. 2ddc c20070d20042 00102ddc40708ScientificaMAINbMAINc1STd2015-06-29epurchaseg380.00h1090l11m55o615.19 AULp000039226q2026-03-03r2026-02-01 00:00:00s2026-02-01v475.00yBB